[Event "Faxe Dags op"]
[Site "Faxe"]
[Date "2016.05.04"]
[Round "6"]
[White "Nielsen, Ib"]
[Black "Hansen, Arne Mandrup"]
[Result "0-1"]
[WhiteElo "1507"]
[BlackElo "1532"]
[PlyCount "94"]
[EventDate "2016.03.30"]
[EventType "swiss"]
[EventRounds "7"]
[EventCountry "DEN"]
[SourceTitle "EXT 2021"]
[Source "ChessBase"]
[SourceDate "2020.10.23"]
[SourceVersion "1"]
[SourceVersionDate "2020.10.23"]
[SourceQuality "1"]

1. e4 d5 2. exd5 e6 3. dxe6 Bxe6 4. Nf3 Nc6 5. Nc3 Nf6 6. Bb5 Nd5 7. 0-0 Be7 8. Ne5 Qd6 9. d4 Nxc3 10. bxc3 0-0 11. Bf4 Nxe5 12. Bxe5 Qd8 13. Bd3 f6 14. Bg3 Bd6 15. f4 f5 16. Qf3 c6 17. Rae1 Bd5 18. Qh5 Qf6 19. Bh4 Qg6 20. Qxg6 hxg6 21. c4 Bf7 22. c5 Bc7 23. c4 Rfe8 24. Rd1 b6 25. Rf3 a6 26. cxb6 Bxb6 27. c5 Bc7 28. Rb1 Reb8 29. Rxb8+ Bxb8 30. a3 Bc7 31. Bf2 Rb8 32. Bxa6 Rb1+ 33. Bf1 Bc4 34. Be3 Bd5 35. Rf2 Rb3 36. Bc1 Rb1 37. Bb2 Bxf4 38. Rxf4 Rxb2 39. h4 Ra2 40. h5 Kf7 41. hxg6+ Kxg6 42. g4 Kg5 43. Rxf5+ Kxg4 44. Rxd5 cxd5 45. Bg2 Kg3 46. c6 Rxa3 47. c7 Rc3 0-1

[Event "Klaksvik ST op"]
[Site "Klaksvik"]
[Date "2014.11.30"]
[Round "4"]
[White "Jacobsen, Mikkjal Andriasarso"]
[Black "Nielsen, Ib"]
[Result "0-1"]
[WhiteElo "1000"]
[BlackElo "1000"]
[PlyCount "80"]
[EventDate "2014.11.28"]
[EventType "swiss"]
[EventRounds "5"]
[EventCountry "FAI"]
[SourceTitle "CBM 163 Extra"]
[Source "ChessBase"]
[SourceDate "2014.12.23"]
[SourceVersion "1"]
[SourceVersionDate "2014.12.23"]
[SourceQuality "1"]

1. e4 e5 2. Nf3 Nc6 3. Bc4 Bc5 4. d3 Nf6 5. c3 0-0 6. d4 exd4 7. e5 Re8 8. Bf4 d6 9. Qe2 Nh5 10. Qd2 Nxf4 11. Qxf4 Nxe5 12. 0-0 Be6 13. cxd4 Nxf3+ 14. Qxf3 Bxc4 15. Rc1 Be2 16. Qd5 Bb4 17. Nc3 Bxc3 18. Rxc3 Qe7 19. Re1 c6 20. Qb3 Bc4 21. Qd1 Be6 22. Rce3 Qd7 23. f3 Re7 24. Qe2 Rae8 25. d5 cxd5 26. f4 d4 27. Re4 d5 28. Rxd4 Bg4 29. Rxd5 Rxe2 30. Rxe2 Rxe2 31. Rxd7 Bxd7 32. Kf1 Rxb2 33. a4 Bxa4 34. h3 Bc6 35. g4 Rh2 36. Kg1 Rxh3 37. Kf2 Rb3 38. f5 a5 39. Ke2 a4 40. Kd2 Bd5 0-1

[Event "DEN-ch B7 Gr1 "]
[Site "Koge"]
[Date "2004.04.??"]
[Round "2"]
[White "Asmund, Erik"]
[Black "Nielsen, Ib"]
[Result "1-0"]
[WhiteElo "1563"]
[BlackElo "1550"]
[PlyCount "101"]
[EventDate "2004.04.08"]
[EventType "swiss"]
[EventRounds "7"]
[EventCountry "DEN"]
[SourceTitle "EXT 2023"]
[Source "ChessBase"]
[SourceDate "2022.10.05"]
[SourceVersion "1"]
[SourceVersionDate "2022.10.05"]
[SourceQuality "1"]

1. e4 e5 2. Nf3 d6 3. Nc3 Be7 4. d3 c6 5. Be2 Nf6 6. h3 0-0 7. 0-0 Nbd7 8. d4 exd4 9. Nxd4 Ne5 10. Nf3 Ng6 11. Bd3 Be6 12. Ne2 Qd7 13. Ng5 Ne5 14. Nxe6 fxe6 15. Ng3 Rad8 16. Qe2 Nxd3 17. cxd3 e5 18. Nf5 g6 19. Nxe7+ Qxe7 20. Bg5 Qe6 21. Qe3 Rd7 22. Bh6 Rff7 23. Qxa7 d5 24. f4 dxe4 25. dxe4 b5 26. Qb8+ Qe8 27. Qxe8+ Nxe8 28. fxe5 Nc7 29. Rxf7 Kxf7 30. Rf1+ Ke6 31. Rf6+ Kxe5 32. Rxc6 Kxe4 33. Rc2 Ne6 34. Re2+ Kf5 35. g4+ Kf6 36. Rf2+ Ke7 37. Re2 Kf7 38. Be3 g5 39. Rf2+ Kg6 40. Rf5 Rd3 41. Kf2 h5 42. Rxb5 hxg4 43. hxg4 Kf6 44. a4 Rd6 45. a5 Rc6 46. Kf3 Rc4 47. Rb6 Ke5 48. b4 Rc3 49. Rb5+ Kd6 50. Ke4 Rc4+ 51. Kf5 1-0

[Event "DEN-ch B7 Gr1 "]
[Site "Koge"]
[Date "2004.04.??"]
[Round "1"]
[White "Nielsen, Ib"]
[Black "Pedersen, Lars Wisler"]
[Result "0-1"]
[WhiteElo "1550"]
[BlackElo "1669"]
[PlyCount "136"]
[EventDate "2004.04.08"]
[EventType "swiss"]
[EventRounds "7"]
[EventCountry "DEN"]
[SourceTitle "EXT 2023"]
[Source "ChessBase"]
[SourceDate "2022.10.05"]
[SourceVersion "1"]
[SourceVersionDate "2022.10.05"]
[SourceQuality "1"]

1. e4 c5 2. Nc3 Nc6 3. Nf3 e6 4. d3 d5 5. exd5 exd5 6. Be2 Nf6 7. 0-0 Be7 8. d4 b6 9. Re1 0-0 10. h3 h6 11. Be3 Bf5 12. a3 Qd7 13. Ne5 Nxe5 14. dxe5 d4 15. Bb5 Qd8 16. exf6 Bxf6 17. Bc6 Rc8 18. Qf3 dxe3 19. Rxe3 Bxc3 20. Rxc3 Bxh3 21. gxh3 Qg5+ 22. Qg2 Rxc6 23. Qxg5 hxg5 24. Re1 f5 25. Re7 Rf7 26. Re5 Rd6 27. b4 cxb4 28. axb4 Rd4 29. Rb5 g4 30. Rg3 gxh3 31. Rxh3 Rc4 32. c3 f4 33. Rbh5 Kf8 34. Rg5 f3 35. Rh8+ Ke7 36. Re5+ Kd6 37. Re3 Kc6 38. Rh3 Rcf4 39. Rh8 Rg4+ 40. Kf1 g5 41. Re5 Rd7 42. Rg8 Rc4 43. b5+ Kd6 44. Re3 Rh4 45. Rxg5 Rh1+ 46. Rg1 Rxg1+ 47. Kxg1 Kc5 48. Re4 Kxb5 49. Kh2 Rg7 50. Rb4+ Kc5 51. Rb2 Kc4 52. Ra2 Kxc3 53. Ra3+ Kc2 54. Rxf3 b5 55. Rf4 a5 56. Rf5 b4 57. Rxa5 b3 58. f4 b2 59. Rc5+ Kb1 60. f5 Rb7 61. f6 Ka2 62. Ra5+ Kb3 63. f7 Rxf7 64. Rb5+ Ka2 65. Ra5+ Kb1 66. Rb5 Rf2+ 67. Kg3 Rc2 68. Kf3 Kc1 0-1